Countries Containing 'EN' Quiz Stats

 Plays Quiz Updated Oct 11, 2014

Challenge
Share
Tweet
Embed
Score 0/16 Timer 04:00
0 Plays Today
% Correct
Sweden
70.2%
Denmark
69.4%
Argentina
66.5%
Yemen
63.1%
Benin
59.7%
Venezuela
57.3%
Kenya
53.8%
Senegal
48.4%
% Correct
Armenia
48%
Turkmenistan
47%
Liechtenstein
42.2%
Slovenia
41.3%
Central African Republic
40.8%
St. Vincent and the Grenadines
33.5%
Montenegro
31.4%
Grenada
31%

You're not logged in!

Compare scores with friends on all Sporcle quizzes.
OR
Log In

You Might Also Like...

Show Comments

Extras

Top Quizzes Today


Score Distribution

Your Account Isn't Verified!

In order to create a playlist on Sporcle, you need to verify the email address you used during registration. Go to your Sporcle Settings to finish the process.

Report this User

Report this user for behavior that violates our Community Guidelines.

Details: